banner-ar

EVA PERON / (Record no. 7172)

MARC details
000 -الفاتح
حقل البيانات ثابتة الطول 00618nam a2200217Ia 4500
008 - عناصر البيانات ثابتة الطول - معلومات عامة
حقل البيانات ثابتة الطول 140319s9999 xx 000 0 eng d
020 ## - الرقم الدولى المعيارى للكتب
الرقم الدولى المعيارى للكتاب 0321145993
040 ## - مصدر الفهرسة
وكالة الفهرسة الأصلية GCL /
وكالة النسخ GCL
082 04 - رقم تصنيف ديوى العشرى
رقم التصنيف 982.06292
رقم المادة O E
100 1# - المدخل الرئيسى - إسم شخصى
الإسم الشخصى ORTIZ, ALICIA DUJOVNE
245 10 - بيان العنوان
العنوان EVA PERON /
بيان المسئوليه,etc ORTIZ, ALICIA DUJOVNE
700 1# - المدخل الاضافى - اسم شخصى
الإسم الشخصى FIELDS, SHAWN
260 ## - PUBLICATION, DISTRIBUTION, ETC. (IMPRINT)
تاريخ النشر أو التوزيع 1996
300 ## - الوصف المادى
التعداد 325 P
تفاصيل ماديه اخرى للوعاء ILL. ؛
أبعاد الوعاء 22 cm.
650 04 - المدخل الاضافى بالموضوع-مصطلح موضوعى
مصطلح موضوعي BIOGRAPHY
650 04 - المدخل الاضافى بالموضوع-مصطلح موضوعى
مصطلح موضوعي PRESIDENTS, SPOUSES - ARGENTINA
650 04 - المدخل الاضافى بالموضوع-مصطلح موضوعى
مصطلح موضوعي PERON, EVA, 1919 - 1952
650 04 - المدخل الاضافى بالموضوع-مصطلح موضوعى
مصطلح موضوعي PERON, JUAN DOMINGO, 1895 - 1974
942 ## - عناصر المدخل الإضافي( كوها)
مصدر التصنيف او مخطط الترفيف Dewey Decimal Classification
Koha [default] item type كتاب
260 ## - PUBLICATION, DISTRIBUTION, ETC. (IMPRINT)
-- نيويورك :
-- ST. MARTINS PRESS ،
Holdings
حالة التراجع حالة الفقد حالة تلف ليس للاعارة المكان المؤقت الموقع الحالى تاريخ الاكتساب اجمالي اﻻعارات رقم الطلب الباركود تاريخ اخر مشاهدة تاريخ تفعيل السعر نوع وعاء كوها
        مكتبة القاهرة الكبرى مكتبة القاهرة الكبرى 03/26/2014   982.06292\O E 14894 03/26/2014 03/26/2014 كتاب
        مكتبة القاهرة الكبرى مكتبة القاهرة الكبرى 03/26/2014   982.06292\O E 14895 03/26/2014 03/26/2014 كتاب

Powered By

EGPV